[Event "Titled Tuesday intern op 06th May Early"]
[Site "Chess.com INT"]
[Date "2025.05.06"]
[Round "3"]
[White "Arslanov, Shamil"]
[Black "Pichot, Alan"]
[Result "1/2-1/2"]
[WhiteElo "2410"]
[BlackElo "2587"]
[PlyCount "113"]
[EventDate "2025.05.06"]
[EventType "swiss (blitz)"]
[EventRounds "11"]
[EventCountry "USA"]
[SourceTitle "CB20_2025"]
[SourceDate "2025.05.14"]
[SourceVersion "1"]
[SourceVersionDate "2025.05.14"]
[SourceQuality "1"]

1. d4 Nf6 2. f3 d5 3. e4 dxe4 4. Nc3 Nc6 5. Bb5 Bf5 6. d5 a6 7. Ba4 b5 8. Nxb5 axb5 9. Bxb5 Bd7 10. dxc6 Bf5 11. Qxd8+ Rxd8 12. c4 e5 13. Be3 exf3 14. gxf3 Bb4+ 15. Kf2 0-0 16. Ne2 e4 17. Ng3 Bg6 18. Rhd1 exf3 19. Kxf3 h5 20. h4 Rde8 21. a3 Bd6 22. Bf4 Bxf4 23. Kxf4 Ng4 24. Re1 Re6 25. Rad1 Nf2 26. Kf3 Nxd1 27. Rxd1 Rfe8 28. Rd7 Re3+ 29. Kf2 Rb3 30. Rxc7 Ree3 31. Nf1 Rf3+ 32. Kg2 Be4 33. Kg1 Rxb2 34. Re7 Rf4 35. Nh2 Rg2+ 36. Kh1 Rg3+ 37. Rxe4 Rxe4 38. c7 Re1+ 39. Nf1 Rxf1+ 40. Kh2 Rgg1 41. c8Q+ Kh7 42. Bc6 Rg4 43. Bg2 Rf2 44. Qc6 g6 45. Kg1 Ra2 46. Qd5 f5 47. Qf7+ Kh6 48. Qf8+ Kh7 49. Qe7+ Kh6 50. Qf8+ Kh7 51. Qa8 f4 52. Kf1 Ra1+ 53. Kf2 Ra2+ 54. Kf1 Ra1+ 55. Kf2 Ra2+ 56. Kg1 Ra1+ 57. Kf2 1/2-1/2

[Event "Titled Tuesday intern op 06th May Early"]
[Site "Chess.com INT"]
[Date "2025.05.06"]
[Round "11"]
[White "Shubenkova, Veronika"]
[Black "Arslanov, Shamil"]
[Result "0-1"]
[WhiteElo "2024"]
[BlackElo "2410"]
[PlyCount "64"]
[EventDate "2025.05.06"]
[EventType "swiss (blitz)"]
[EventRounds "11"]
[EventCountry "USA"]
[SourceTitle "CB20_2025"]
[SourceDate "2025.05.14"]
[SourceVersion "1"]
[SourceVersionDate "2025.05.14"]
[SourceQuality "1"]

1. d4 e5 2. e3 d5 3. dxe5 Nc6 4. Nf3 f6 5. exf6 Nxf6 6. Be2 Bd6 7. c4 Be6 8. cxd5 Nxd5 9. Nc3 Nxc3 10. bxc3 Qf6 11. Nd4 0-0 12. f4 Qh4+ 13. g3 Qh3 14. Bf3 Nxd4 15. cxd4 c5 16. d5 Bf5 17. Qe2 c4 18. e4 Rae8 19. e5 Bd3 20. Qg2 Qc8 21. Be3 Bxe5 22. fxe5 Rxe5 23. Kd2 Qd8 24. Rhe1 Qa5+ 25. Kd1 Rfe8 26. Qd2 Qa4+ 27. Kc1 Qa3+ 28. Kd1 Qe7 29. Bf2 Qf6 30. Rxe5 Qxf3+ 31. Kc1 Rxe5 32. Bd4 Rxd5 0-1

[Event "Titled Tuesday intern op 01st Apr Early"]
[Site "Chess.com INT"]
[Date "2025.04.01"]
[Round "9"]
[White "Arslanov, Shamil"]
[Black "Odegov, Artem"]
[Result "0-1"]
[WhiteElo "2410"]
[BlackElo "2258"]
[PlyCount "144"]
[EventDate "2025.04.01"]
[EventType "swiss (blitz)"]
[EventRounds "11"]
[EventCountry "USA"]
[SourceTitle "CB15_2025"]
[SourceDate "2025.04.09"]
[SourceVersion "1"]
[SourceVersionDate "2025.04.09"]
[SourceQuality "1"]

1. d4 Nf6 2. f3 e6 3. e4 d6 4. Nc3 Be7 5. Be3 0-0 6. Qd2 c5 7. Nge2 Nc6 8. 0-0-0 cxd4 9. Nxd4 Bd7 10. g4 Rc8 11. g5 Nh5 12. h4 Ne5 13. f4 Nc4 14. Bxc4 Rxc4 15. Rhg1 Nxf4 16. Bxf4 e5 17. Be3 exd4 18. Bxd4 Be6 19. h5 Qa5 20. g6 fxg6 21. hxg6 h6 22. b3 Rcc8 23. Kb2 d5 24. Nxd5 Qa3+ 25. Kb1 Bxd5 26. exd5 Bg5 27. Rxg5 hxg5 28. Qh2 Rf4 29. Qh7+ Kf8 30. Qxg7+ Ke8 31. Re1+ Kd8 32. Bf6+ Rxf6 33. Qxf6+ Kd7 34. Qf5+ Kc7 35. Qxg5 Kb8 36. Qf4+ Ka8 37. g7 Qb4 38. Rg1 Qxf4 39. g8Q Qc7 40. Qg6 a6 41. Qd3 Qc5 42. Rf1 Rd8 43. Rd1 Qd6 44. Kb2 Rc8 45. Kb1 Rc5 46. a4 Rc8 47. Qd4 Kb8 48. Kb2 Ka8 49. Rd2 Rd8 50. c4 Rc8 51. Re2 Rd8 52. Re6 Qxe6 53. Qh4 Qe5+ 54. Ka3 Qd6+ 55. Kb2 Re8 56. Kc3 Re3+ 57. Kd4 Qe5+ 58. Kc5 Qc7+ 59. Kd4 Re8 60. c5 Qe5+ 61. Kc4 Qe2+ 62. Kd4 Qe3+ 63. Kc4 Re4+ 64. Qxe4 Qxe4+ 65. Kc3 Qxd5 66. b4 b6 67. cxb6 Kb7 68. a5 Qb5 69. Kb3 Qd3+ 70. Ka4 Qc3 71. b5 Qc4+ 72. Ka3 Qxb5 0-1

[Event "Titled Tuesday intern op 01st Apr Early"]
[Site "Chess.com INT"]
[Date "2025.04.01"]
[Round "2"]
[White "Movahed, Sina"]
[Black "Arslanov, Shamil"]
[Result "1-0"]
[WhiteElo "2518"]
[BlackElo "2410"]
[PlyCount "121"]
[EventDate "2025.04.01"]
[EventType "swiss (blitz)"]
[EventRounds "11"]
[EventCountry "USA"]
[SourceTitle "CB15_2025"]
[SourceDate "2025.04.09"]
[SourceVersion "1"]
[SourceVersionDate "2025.04.09"]
[SourceQuality "1"]

1. h3 d5 2. Nf3 f6 3. d4 e5 4. dxe5 Nc6 5. exf6 Nxf6 6. Bg5 h6 7. Bxf6 Qxf6 8. c3 Be6 9. Nbd2 Bd6 10. e3 0-0 11. Be2 Qg6 12. Rg1 a6 13. Nb3 Qf6 14. Qd2 Ne5 15. Nbd4 Bd7 16. 0-0-0 c6 17. g4 Nxf3 18. Nxf3 g5 19. Rdf1 b5 20. h4 b4 21. hxg5 hxg5 22. c4 Be6 23. Rh1 a5 24. Rh5 a4 25. Rfh1 a3 26. Nd4 axb2+ 27. Kb1 Be5 28. Rh6 Bxd4 29. Rxf6 Bxf6 30. Qc2 Rf7 31. Qg6+ Kf8 32. Rh7 Rxh7 33. Qxh7 Bf7 34. Qc2 dxc4 35. Bxc4 Rd8 36. Bxf7 Kxf7 37. f4 Bc3 38. Qf5+ Ke8 39. Qe6+ Kf8 40. Qf5+ Ke7 41. Qe4+ Kf7 42. Qf3 Rd2 43. fxg5+ Kg7 44. Qh1 Re2 45. Qh6+ Kf7 46. g6+ Ke7 47. Qg5+ Kd7 48. Qf5+ Kc7 49. Qf4+ Kb7 50. Qf1 Rxe3 51. g7 Bxg7 52. Qf7+ Kb6 53. Qxg7 c5 54. Qh6+ Kb5 55. Qxe3 Ka4 56. g5 b3 57. g6 bxa2+ 58. Kxb2 c4 59. Kxa2 Kb4 60. g7 c3 61. g8Q 1-0

[Event "Titled Tuesday intern op 25th Mar Early"]
[Site "Chess.com INT"]
[Date "2025.03.25"]
[Round "7"]
[White "Arslanov, Shamil"]
[Black "Manukian, Artak"]
[Result "0-1"]
[WhiteElo "2410"]
[BlackElo "2104"]
[PlyCount "142"]
[EventDate "2025.03.25"]
[EventType "swiss (blitz)"]
[EventRounds "11"]
[EventCountry "USA"]
[SourceTitle "CB14_2025"]
[SourceDate "2024.11.01"]
[SourceVersion "1"]
[SourceVersionDate "2024.11.01"]
[SourceQuality "1"]

1. d4 d5 2. e4 dxe4 3. Nc3 Nf6 4. f3 e3 5. Bxe3 Nd5 6. Nxd5 Qxd5 7. c4 Qh5 8. Ne2 e5 9. Ng3 Qh4 10. c5 exd4 11. Bxd4 Nc6 12. Bb5 Bd7 13. Qe2+ Qe7 14. Qxe7+ Nxe7 15. Bc4 f6 16. 0-0-0 0-0-0 17. b4 h5 18. h4 Nf5 19. Nxf5 Bxf5 20. Rhe1 Bd7 21. b5 c6 22. a4 Rh6 23. Be3 Rg6 24. Bf4 Bxc5 25. Rxd7 Kxd7 26. Be6+ Ke8 27. Bg4+ Kf7 28. Bxh5 Rd5 29. Bxg6+ Kxg6 30. bxc6 bxc6 31. Kc2 Bb6 32. Bd2 Rd4 33. Re4 Rxe4 34. fxe4 Kh5 35. Kd3 Kxh4 36. Ke2 Kg3 37. Kf1 g6 38. Bc3 f5 39. Be5+ Kg4 40. exf5 Kxf5 41. Bc3 Ke4 42. Ke2 c5 43. a5 Bc7 44. a6 Bb6 45. Bd2 c4 46. Bb4 Bd4 47. Kd2 Kd5 48. Kc2 Kc6 49. Bc3 Bxc3 50. Kxc3 Kb5 51. g4 Kxa6 52. Kxc4 Kb6 53. Kd5 a5 54. Ke6 a4 55. Kf6 a3 56. Kxg6 a2 57. Kf7 a1Q 58. g5 Qf1+ 59. Kg7 Qa1+ 60. Kh6 Qc1 61. Kg6 Kc6 62. Kf6 Qc3+ 63. Kf7 Qf3+ 64. Kg7 Qc3+ 65. Kf7 Qc4+ 66. Kf6 Qf4+ 67. Kg6 Kd6 68. Kh6 Ke6 69. Kg6 Qf5+ 70. Kh6 Kf7 71. g6+ Qxg6# 0-1

[Event "Titled Tuesday intern op 25th Mar Early"]
[Site "Chess.com INT"]
[Date "2025.03.25"]
[Round "9"]
[White "Arslanov, Shamil"]
[Black "Thorhallsson, Simon"]
[Result "1-0"]
[WhiteElo "2410"]
[BlackElo "2232"]
[PlyCount "115"]
[EventDate "2025.03.25"]
[EventType "swiss (blitz)"]
[EventRounds "11"]
[EventCountry "USA"]
[SourceTitle "CB14_2025"]
[SourceDate "2024.11.01"]
[SourceVersion "1"]
[SourceVersionDate "2024.11.01"]
[SourceQuality "1"]

1. d4 Nf6 2. f3 g6 3. e4 d6 4. Be3 Bg7 5. Qd2 h5 6. Nc3 a6 7. a4 Nc6 8. h4 e5 9. Nge2 exd4 10. Nxd4 Ne5 11. Bg5 c6 12. Qf4 a5 13. 0-0-0 Qe7 14. Be2 Bd7 15. Rd2 Rd8 16. Rhd1 Be6 17. Kb1 Bc4 18. g3 Bxe2 19. Rxe2 Nc4 20. b3 Ne5 21. Qd2 0-0 22. f4 Neg4 23. f5 Rde8 24. Nf3 Qc7 25. Qxd6 Qb6 26. Qd4 Qc7 27. Bf4 Qc8 28. fxg6 Nd5 29. gxf7+ Rxf7 30. exd5 Bxd4 31. Nxd4 Rxe2 32. Ndxe2 cxd5 33. Rxd5 Nf6 34. Rg5+ Kh7 35. Kb2 Qc6 36. Nd4 Qg2 37. Rf5 Kg6 38. Rxa5 Ne4 39. Nxe4 Qxe4 40. c3 Re7 41. Rg5+ Kh7 42. Rxh5+ Kg8 43. Rg5+ Kf7 44. h5 Qg2+ 45. Ka3 Re1 46. Rf5+ Ke8 47. h6 Qh1 48. Rf6 Ra1+ 49. Kb4 Qd5 50. Rb6 Rh1 51. Rb5 Qd7 52. Re5+ Kf7 53. Rf5+ Kg6 54. Rg5+ Kh7 55. Rg7+ Qxg7 56. hxg7 Kxg7 57. Kb5 Rb1 58. Kb6 1-0

[Event "Titled Tuesday intern op 25th Mar Early"]
[Site "Chess.com INT"]
[Date "2025.03.25"]
[Round "1"]
[White "Arslanov, Shamil"]
[Black "Wanyama, Harold"]
[Result "1-0"]
[WhiteElo "2410"]
[BlackElo "2135"]
[PlyCount "117"]
[EventDate "2025.03.25"]
[EventType "swiss (blitz)"]
[EventRounds "11"]
[EventCountry "USA"]
[SourceTitle "CB14_2025"]
[SourceDate "2024.11.01"]
[SourceVersion "1"]
[SourceVersionDate "2024.11.01"]
[SourceQuality "1"]

1. d4 d5 2. e4 dxe4 3. Nc3 Nf6 4. f3 exf3 5. Nxf3 e6 6. Bg5 Be7 7. Bd3 b6 8. Qe2 Bb7 9. 0-0-0 Nbd7 10. h4 a6 11. Rhf1 h6 12. Bxf6 Nxf6 13. Ne5 b5 14. g4 Rf8 15. g5 hxg5 16. hxg5 Nd5 17. Nxf7 Rxf7 18. Bg6 Bxg5+ 19. Kb1 Nf4 20. Rxf4 Bxf4 21. Qxe6+ Qe7 22. Bxf7+ Kf8 23. Rf1 Qxf7 24. Qxf7+ Kxf7 25. Rxf4+ Kg8 26. Kc1 Rf8 27. Rxf8+ Kxf8 28. Kd2 Ke7 29. Ke3 Kf6 30. Kf4 g5+ 31. Kg4 Bc6 32. a3 Bd7+ 33. Kg3 c6 34. Ne4+ Kf5 35. Nc5 Bc8 36. c3 a5 37. b4 a4 38. Kf3 Be6 39. Kg3 Bd5 40. Nd3 Be4 41. Nc5 Bc2 42. Nd7 Ke4 43. Ne5 Kd5 44. Kg4 Be4 45. Kxg5 Bc2 46. Kf4 Bd1 47. Ke3 Bh5 48. Kd2 Ke4 49. Nd3 Kd5 50. Nf4+ Kc4 51. Nxh5 Kb3 52. Nf4 Kxa3 53. Kc2 Ka2 54. Ne2 a3 55. Nc1+ Ka1 56. Nd3 c5 57. bxc5 b4 58. Nxb4 a2 59. Nxa2 1-0

[Event "Titled Tuesday intern op 18th Mar Late"]
[Site "Chess.com INT"]
[Date "2025.03.18"]
[Round "1"]
[White "Arslanov, Shamil"]
[Black "Andrews, Todd D"]
[Result "1-0"]
[WhiteElo "2410"]
[BlackElo "2142"]
[PlyCount "75"]
[EventDate "2025.03.18"]
[EventType "swiss (blitz)"]
[EventRounds "11"]
[EventCountry "USA"]
[SourceTitle "CB13_2025"]
[SourceDate "2025.03.26"]
[SourceVersion "1"]
[SourceVersionDate "2025.03.26"]
[SourceQuality "1"]

1. d4 Nf6 2. f3 c5 3. d5 b5 4. c4 e6 5. e4 bxc4 6. Nc3 Ba6 7. Bg5 Qb6 8. Qd2 Be7 9. Nh3 0-0 10. Rd1 d6 11. dxe6 fxe6 12. Nf4 Nc6 13. Nxe6 Rf7 14. Be2 Rb8 15. Bxf6 Bxf6 16. Qxd6 Qxb2 17. Nd5 Nd4 18. Nxd4 Bxd4 19. Qe6 c3 20. Nf4 c2 21. Bxa6 cxd1Q+ 22. Kxd1 Be3 23. Qd5 Qb1+ 24. Ke2 Qxh1 25. Kxe3 Qe1+ 26. Ne2 h6 27. Bc4 Rbf8 28. Qxc5 Kh8 29. Bxf7 Rxf7 30. Qc4 Rd7 31. h3 Rd2 32. Qc8+ Kh7 33. Qf5+ Kh8 34. Qb5 Rd1 35. e5 Qd2+ 36. Kf2 Qe1+ 37. Ke3 Qd2+ 38. Ke4 1-0

[Event "Titled Tuesday intern op 18th Mar Late"]
[Site "Chess.com INT"]
[Date "2025.03.18"]
[Round "6"]
[White "Leenhouts, Koen"]
[Black "Arslanov, Shamil"]
[Result "1-0"]
[WhiteElo "2485"]
[BlackElo "2410"]
[PlyCount "55"]
[EventDate "2025.03.18"]
[EventType "swiss (blitz)"]
[EventRounds "11"]
[EventCountry "USA"]
[SourceTitle "CB13_2025"]
[SourceDate "2025.03.26"]
[SourceVersion "1"]
[SourceVersionDate "2025.03.26"]
[SourceQuality "1"]

1. e4 d5 2. exd5 Qxd5 3. Nc3 Qa5 4. d4 e5 5. dxe5 Nc6 6. Bb5 Bd7 7. Bd2 Bb4 8. Qe2 0-0-0 9. Nf3 Nge7 10. a3 Nf5 11. 0-0 Ncd4 12. Nxd4 Nxd4 13. Bxd7+ Rxd7 14. Qg4 Bxc3 15. Bxc3 Qxe5 16. Rad1 c5 17. Rfe1 Qd5 18. Bxd4 cxd4 19. Re7 f5 20. Qxg7 Rhd8 21. Qxh7 Rd6 22. h4 Kb8 23. Rd3 Rb6 24. c3 Qc4 25. Rxd4 Rxd4 26. Re8+ Qc8 27. Rxc8+ Kxc8 28. cxd4 1-0

[Event "Titled Tuesday intern op 11th Mar Late"]
[Site "Chess.com INT"]
[Date "2025.03.11"]
[Round "6"]
[White "Ashraf, Artin"]
[Black "Arslanov, Shamil"]
[Result "1-0"]
[WhiteElo "2407"]
[BlackElo "2410"]
[PlyCount "43"]
[EventDate "2025.03.11"]
[EventType "swiss (blitz)"]
[EventRounds "11"]
[EventCountry "USA"]
[SourceTitle "CB12_2025"]
[SourceDate "2025.03.19"]
[SourceVersion "1"]
[SourceVersionDate "2025.03.19"]
[SourceQuality "1"]

1. e4 e5 2. Nc3 Nf6 3. d4 d6 4. Nge2 Nbd7 5. h3 c6 6. g4 h6 7. Bg2 b5 8. a3 Be7 9. 0-0 a5 10. f4 Ba6 11. b4 Nb6 12. Ng3 Nc4 13. Nf5 g6 14. Ne3 Nb6 15. Bb2 Nbd7 16. Ne2 Bb7 17. dxe5 dxe5 18. fxe5 Nh7 19. e6 Ndf6 20. exf7+ Kf8 21. Nf4 Qe8 22. fxe8Q+ 1-0

[Event "Titled Tuesday intern op 11th Mar Late"]
[Site "Chess.com INT"]
[Date "2025.03.11"]
[Round "4"]
[White "Materia, Marco"]
[Black "Arslanov, Shamil"]
[Result "0-1"]
[WhiteElo "2486"]
[BlackElo "2410"]
[PlyCount "160"]
[EventDate "2025.03.11"]
[EventType "swiss (blitz)"]
[EventRounds "11"]
[EventCountry "USA"]
[SourceTitle "CB12_2025"]
[SourceDate "2025.03.19"]
[SourceVersion "1"]
[SourceVersionDate "2025.03.19"]
[SourceQuality "1"]

1. e4 d5 2. exd5 Qxd5 3. Nc3 Qa5 4. d4 e5 5. dxe5 Nc6 6. Bb5 Bd7 7. Nf3 Bb4 8. Bxc6 Bxc3+ 9. bxc3 Qxc3+ 10. Bd2 Qxc6 11. 0-0 Bg4 12. Rb1 0-0-0 13. Rb3 Ne7 14. Qc1 Ng6 15. Ng5 Nxe5 16. Bf4 Ng6 17. Nxf7 Rdf8 18. f3 Rxf7 19. fxg4 Rhf8 20. g3 Qc4 21. Rbf3 Ne5 22. Ra3 g5 23. Qe3 Nc6 24. Rc3 Qxa2 25. Re1 gxf4 26. gxf4 Rxf4 27. Rd3 Qf7 28. h3 Rf1+ 29. Kg2 Rf2+ 30. Kg3 Rf6 31. g5 Rd6 32. Rxd6 cxd6 33. Rd1 Qd7 34. Rd5 Re8 35. Qd2 Kc7 36. h4 Re5 37. Rd3 Qe6 38. Qf4 Re4 39. Qf6 Qxf6 40. gxf6 Nd8 41. Rd5 Re6 42. Rh5 Rxf6 43. Rxh7+ Nf7 44. h5 Kd7 45. Rg7 Ke6 46. Rg8 Rf5 47. Re8+ Kf6 48. Rb8 Rxh5 49. Rxb7 Rc5 50. Rxa7 Rxc2 51. Kf4 Rc4+ 52. Ke3 Ke6 53. Ra8 Ne5 54. Ra5 Rc5 55. Ra8 Kd5 56. Ra4 Rc4 57. Ra5+ Ke6 58. Ra8 Rh4 59. Ra6 Nd7 60. Rc6 Nc5 61. Rb6 Kd5 62. Rb8 Rh3+ 63. Kd2 Kd4 64. Rb4+ Ke5 65. Rg4 Ne4+ 66. Kc2 d5 67. Rg8 Kd4 68. Rg2 Rg3 69. Rh2 Rf3 70. Rh8 Rf2+ 71. Kd1 Ke3 72. Rh3+ Rf3 73. Rh5 d4 74. Rh1 d3 75. Re1+ Kd4 76. Rg1 Rf2 77. Ke1 Ra2 78. Kf1 Ra1+ 79. Kg2 Rxg1+ 80. Kxg1 d2 0-1

[Event "Titled Tuesday intern op 04th Feb Early"]
[Site "Chess.com INT"]
[Date "2025.02.04"]
[Round "4"]
[White "Arslanov, Shamil"]
[Black "Erzhanov, Arman"]
[Result "0-1"]
[WhiteElo "2410"]
[BlackElo "2132"]
[PlyCount "86"]
[EventDate "2025.02.04"]
[EventType "swiss (blitz)"]
[EventRounds "11"]
[EventCountry "USA"]
[SourceTitle "CB07_2025"]
[SourceDate "2025.02.12"]
[SourceVersion "1"]
[SourceVersionDate "2025.02.12"]
[SourceQuality "1"]

1. d4 d5 2. e4 c6 3. Nc3 dxe4 4. Bc4 Nf6 5. f3 e3 6. Bxe3 Bf5 7. Nge2 e6 8. g4 Bg6 9. h4 h6 10. Nf4 Bh7 11. g5 Nd5 12. Bxd5 cxd5 13. g6 Bxg6 14. Nxg6 fxg6 15. Qd3 Kf7 16. 0-0-0 Nc6 17. Rdg1 Qf6 18. Rg4 Bd6 19. Nb5 Bb8 20. Rhg1 Ne7 21. Kb1 Rc8 22. Qa3 Rc6 23. Qd3 a6 24. Nc3 Bd6 25. Ne2 Rac8 26. c3 b5 27. Ka1 b4 28. Bf4 bxc3 29. Bxd6 cxb2+ 30. Kxb2 Rxd6 31. Nf4 Rb6+ 32. Ka1 Rc4 33. Nxg6 Nc6 34. Ne5+ Nxe5 35. Rxg7+ Ke8 36. Rg8+ Ke7 37. R1g7+ Nf7 38. a4 Rxd4 39. Rxf7+ Kd6 40. Qa3+ Rdb4+ 41. Rxf6 Ke5 42. Rfg6 Rb1+ 43. Ka2 Re1 0-1

[Event "Titled Tuesday intern op 04th Feb Early"]
[Site "Chess.com INT"]
[Date "2025.02.04"]
[Round "2"]
[White "Huber, Martin Christian"]
[Black "Arslanov, Shamil"]
[Result "0-1"]
[WhiteElo "2338"]
[BlackElo "2410"]
[PlyCount "92"]
[EventDate "2025.02.04"]
[EventType "swiss (blitz)"]
[EventRounds "11"]
[EventCountry "USA"]
[SourceTitle "CB07_2025"]
[SourceDate "2025.02.12"]
[SourceVersion "1"]
[SourceVersionDate "2025.02.12"]
[SourceQuality "1"]

1. d4 e5 2. dxe5 d6 3. Nf3 Nc6 4. g3 Bg4 5. Bg2 Qd7 6. h3 Bh5 7. 0-0 0-0-0 8. Bf4 Qe8 9. e6 fxe6 10. Nc3 e5 11. Bg5 Be7 12. Be3 Nf6 13. b4 Nxb4 14. Qb1 d5 15. a3 Nc6 16. Na4 d4 17. Bd2 e4 18. Nh4 Bd6 19. Qb5 Qe5 20. Qxe5 Bxe5 21. g4 Bf7 22. g5 Nd5 23. Bxe4 Rhe8 24. Rab1 Bh2+ 25. Kxh2 Rxe4 26. Rfe1 Rxh4 27. f3 Rh5 28. Nc5 b6 29. Ne4 Bg6 30. Ng3 Ne3 31. Bxe3 dxe3 32. Nxh5 Bxh5 33. Rbd1 Nd4 34. Rd3 Bg6 35. Rxe3 Nxc2 36. Re6 Nxe1 37. f4 Bf5 38. Re5 g6 39. h4 Nc2 40. h5 Nd4 41. e4 Bg4 42. hxg6 hxg6 43. f5 gxf5 44. exf5 Bxf5 45. g6 Bxg6 46. Rg5 Bd3 0-1

[Event "Titled Tuesday intern op 04th Feb Early"]
[Site "Chess.com INT"]
[Date "2025.02.04"]
[Round "3"]
[White "Moroni, Luca Jr"]
[Black "Arslanov, Shamil"]
[Result "1-0"]
[WhiteElo "2552"]
[BlackElo "2410"]
[PlyCount "89"]
[EventDate "2025.02.04"]
[EventType "swiss (blitz)"]
[EventRounds "11"]
[EventCountry "USA"]
[SourceTitle "CB07_2025"]
[SourceDate "2025.02.12"]
[SourceVersion "1"]
[SourceVersionDate "2025.02.12"]
[SourceQuality "1"]

1. d4 d5 2. Bf4 Nf6 3. e3 e6 4. Nf3 Bd6 5. Nbd2 0-0 6. Bd3 c5 7. dxc5 Bxc5 8. 0-0 Nc6 9. c3 Bd6 10. Bxd6 Qxd6 11. e4 Bd7 12. Re1 dxe4 13. Nxe4 Nxe4 14. Bxe4 Qxd1 15. Raxd1 Rfd8 16. Nd4 Kf8 17. Nxc6 Bxc6 18. Bxc6 bxc6 19. Kf1 Ke7 20. Rxd8 Rxd8 21. Re4 Rd5 22. Ke2 Kd6 23. Rf4 f6 24. Rh4 h6 25. Ra4 a5 26. h4 g5 27. hxg5 hxg5 28. b4 axb4 29. cxb4 Rd4 30. a3 Rc4 31. Ra8 Rc2+ 32. Ke3 Ra2 33. g4 Ke5 34. Ra6 Kd5 35. Ra5+ Kd6 36. Kf3 Rb2 37. Ra8 Ra2 38. a4 Ra3+ 39. Kg2 Rb3 40. Rb8 Kd5 41. a5 c5 42. a6 Ra3 43. b5 c4 44. Rc8 c3 45. Rc7 1-0

[Event "Titled Tuesday intern op 14th Jan Early"]
[Site "Chess.com INT"]
[Date "2025.01.14"]
[Round "1"]
[White "Arslanov, Shamil"]
[Black "Onslow, Alfie"]
[Result "0-1"]
[WhiteElo "2410"]
[BlackElo "2170"]
[PlyCount "112"]
[EventDate "2025.01.14"]
[EventType "swiss (blitz)"]
[EventRounds "11"]
[EventCountry "USA"]
[SourceTitle "CB04_2025"]
[SourceDate "2025.01.22"]
[SourceVersion "1"]
[SourceVersionDate "2025.01.22"]
[SourceQuality "1"]

1. d4 Nf6 2. f3 c5 3. d5 e6 4. c4 b5 5. e4 d6 6. Nc3 b4 7. Nce2 exd5 8. cxd5 g6 9. Ng3 Bg7 10. Bc4 0-0 11. N1e2 a5 12. Bg5 Nbd7 13. 0-0 Nb6 14. Bb5 Ba6 15. Bxa6 Rxa6 16. Kh1 a4 17. Rc1 Qa8 18. Qd2 Re8 19. Ng1 Nfd7 20. f4 b3 21. a3 c4 22. Nf3 Nc5 23. f5 Nxe4 24. Nxe4 Rxe4 25. f6 Bf8 26. Rfe1 Rxe1+ 27. Rxe1 Qc8 28. Bh6 Ra8 29. Qg5 c3 30. bxc3 Nc4 31. Qh4 Ne5 32. Bxf8 Qxf8 33. Nxe5 dxe5 34. Rxe5 Rb8 35. Re1 b2 36. Rb1 Qxa3 37. c4 Qf8 38. Qh3 a3 39. Qc3 a2 40. Rg1 b1Q 41. h3 Qxg1+ 42. Kxg1 Qc5+ 43. Kh2 Qb4 44. Qe5 Qf8 45. d6 Ra8 46. Qa1 Qxd6+ 47. g3 Qd2+ 48. Kh1 Qc2 49. c5 Qb1+ 50. Kg2 Qxa1 51. Kf3 Qb2 52. Kg4 a1Q 53. Kg5 Qe2 54. Kh6 Qee5 55. g4 Qc1+ 56. g5 Qcxg5# 0-1

[Event "Titled Tuesday intern op 14th Jan Early"]
[Site "Chess.com INT"]
[Date "2025.01.14"]
[Round "3"]
[White "Arslanov, Shamil"]
[Black "Smietanska, Wiktoria"]
[Result "1-0"]
[WhiteElo "2410"]
[BlackElo "2157"]
[PlyCount "39"]
[EventDate "2025.01.14"]
[EventType "swiss (blitz)"]
[EventRounds "11"]
[EventCountry "USA"]
[SourceTitle "CB04_2025"]
[SourceDate "2025.01.22"]
[SourceVersion "1"]
[SourceVersionDate "2025.01.22"]
[SourceQuality "1"]

1. d4 d5 2. e4 dxe4 3. Nc3 Nf6 4. f3 exf3 5. Nxf3 Bg4 6. h3 Bh5 7. g4 Bg6 8. Ne5 e6 9. Bg2 c6 10. h4 h5 11. Nxg6 fxg6 12. g5 Nd5 13. Qe2 Qd7 14. Nxd5 cxd5 15. Qd3 Bd6 16. 0-0 Rf8 17. Qxg6+ Rf7 18. Bh3 Kf8 19. Be3 Nc6 20. Bxe6 1-0

[Event "Titled Tuesday intern op 07th Jan Early"]
[Site "Chess.com INT"]
[Date "2025.01.07"]
[Round "6"]
[White "Korol, Dimitry"]
[Black "Arslanov, Shamil"]
[Result "1-0"]
[WhiteElo "2287"]
[BlackElo "2410"]
[PlyCount "115"]
[EventDate "2025.01.07"]
[EventType "swiss (blitz)"]
[EventRounds "11"]
[EventCountry "USA"]
[SourceTitle "CB03_2025"]
[SourceDate "2025.01.15"]
[SourceVersion "1"]
[SourceVersionDate "2025.01.15"]
[SourceQuality "1"]

1. d4 Nf6 2. c4 e5 3. dxe5 Ng4 4. Bf4 Nc6 5. Nf3 Bb4+ 6. Nbd2 Qe7 7. e3 Ngxe5 8. Nxe5 Nxe5 9. Be2 a5 10. 0-0 a4 11. Nf3 Nxf3+ 12. Bxf3 d6 13. Qc2 0-0 14. Rfd1 Ra5 15. Rd5 Rxd5 16. cxd5 a3 17. b3 Qf6 18. Rc1 Bf5 19. e4 Bg6 20. Bd2 Bxd2 21. Qxd2 Re8 22. Rxc7 h6 23. h3 Bxe4 24. Bxe4 Rxe4 25. Qc2 Qg6 26. Kh2 Kh7 27. Rxf7 Re5 28. Qxg6+ Kxg6 29. Rxb7 Re2 30. Rb6 Rxa2 31. Rxd6+ Kf5 32. Ra6 Ke5 33. d6 Ke6 34. f3 g5 35. Kg3 h5 36. h4 gxh4+ 37. Kh3 Kf6 38. d7+ Ke7 39. Ra7 Kd8 40. b4 Rb2 41. Rxa3 Kxd7 42. Ra5 Rxb4 43. Rxh5 Ke6 44. Rxh4 Rb2 45. Re4+ Kf5 46. Kg3 Kg5 47. Ra4 Kf5 48. Ra5+ Kf6 49. Kh3 Rf2 50. Kg3 Rb2 51. Rc5 Rd2 52. Kh3 Rf2 53. Rc3 Kf5 54. Rc4 Rd2 55. g4+ Ke5 56. Kg3 Rc2 57. Rxc2 Kd4 58. Re2 1-0

[Event "Titled Tuesday intern op 24th Sep Early"]
[Site "Chess.com INT"]
[Date "2024.09.24"]
[Round "5"]
[White "Arslanov, Shamil"]
[Black "Hobaica, Juan Pablo"]
[Result "1-0"]
[WhiteElo "2410"]
[BlackElo "2409"]
[PlyCount "79"]
[EventDate "2024.09.24"]
[EventType "swiss (blitz)"]
[EventRounds "11"]
[EventCountry "USA"]
[SourceTitle "EXT 2025"]
[Source "ChessBase"]
[SourceDate "2024.10.14"]
[SourceVersion "1"]
[SourceVersionDate "2024.10.14"]
[SourceQuality "1"]

1. d4 Nf6 2. Nc3 d5 3. e4 e6 4. Bg5 Be7 5. e5 Nfd7 6. h4 a6 7. Qg4 h5 8. Qg3 Bxg5 9. hxg5 g6 10. 0-0-0 c5 11. Nf3 Nc6 12. dxc5 Nxc5 13. Bc4 Ne7 14. Qf4 Qc7 15. Bxd5 Nxd5 16. Nxd5 exd5 17. Qf6 Rf8 18. Rxd5 Be6 19. Rd6 Rc8 20. Nd4 Qe7 21. Qf4 Nd7 22. Rd1 Bc4 23. Nf3 Be6 24. b3 Nc5 25. Kb1 Qc7 26. Nd4 Nd7 27. Re1 Nc5 28. Re3 b5 29. f3 b4 30. Qf6 Qe7 31. Qf4 a5 32. Re2 a4 33. Rd2 axb3 34. axb3 Qa7 35. Nxe6 Nxe6 36. Qe4 Ra8 37. Qc6+ Ke7 38. Rd7+ Ke8 39. Rd8+ Ke7 40. Qd6# 1-0